000 00317nam a2200133 i 4500
001 bg
100 1 _aŁUKOMSKI, Bogusław K.
245 0 _aMateriałoznawstwo /
_cBogusław K. Łukomski.
260 _aWarszawa,
_c1975.
040 _cBPK
041 _apol
942 _cKS
008 s pl f |000 0 pol
999 _c15959
_d15959
856 _uhttp://koha.tu.koszalin.pl/cgi-bin/koha/opac-detail.pl?biblionumber=15959
_yKatalog online BPK